| 000 | 00534nam a22001937a 4500 | ||
|---|---|---|---|
| 003 | Ost | ||
| 005 | 20260226074940.0 | ||
| 008 | 260226b |||||||| |||| 00| 0 eng d | ||
| 020 | _a9780470624579 | ||
| 040 | _cBT-PhCST | ||
| 050 | _a25650 | ||
| 082 |
_222 _a697 _bMIT |
||
| 100 | _aMitchell, John W. | ||
| 245 | _aPrinciples of heating, ventilation, and air conditioning in buildings / | ||
| 300 |
_axxiii, 600 p. : _bill. ; _c26 cm. |
||
| 500 | _aIncludes index and references. | ||
| 700 | _a Braun, James E. | ||
| 942 |
_2ddc _cMEC |
||
| 999 |
_c10154 _d10154 |
||